[Event "GBR-ch111 Major Open"]
[Site "Liverpool"]
[Date "2025.08.05"]
[Round "4.48"]
[White "Whittington, Reece W"]
[Black "Bartlett, Joel"]
[Result "1-0"]
[WhiteElo "1778"]
[BlackElo "1858"]
[PlyCount "91"]
[EventDate "2025.08.02"]
[EventType "swiss"]
[EventRounds "9"]
[EventCountry "GBR"]
[SourceTitle "BritBase"]
[Source "John Saunders"]
[SourceDate "2025.08.11"]
[SourceVersion "1"]
[SourceVersionDate "2025.08.11"]
[SourceQuality "1"]

1. Nf3 Nf6 2. g3 d5 3. Bg2 c6 4. O-O Bg4 5. d4 e6 6. c4 Nbd7 7. Nc3 Be7 8. Qb3 Qb6 9. c5 Qa6 10. Re1 b6 11. cxb6 axb6 12. Bf4 O-O 13. Ne5 Nxe5 14. Bxe5 Nd7 15. f3 Nxe5 16. dxe5 Bh5 17. Rad1 c5 18. a3 Rac8 19. g4 Bg6 20. f4 d4 21. Ne4 Bxe4 22. Bxe4 c4 23. Qh3 g6 24. f5 exf5 25. gxf5 Bg5 26. f6 Be3+ 27. Kh1 h5 28. Qg3 Rc5 29. Bxg6 Bh6 30. Bxh5+ Kh8 31. Bf3 Rg8 32. Qh3 Rg6 33. Be4 Rxe5 34. Rg1 Rxf6 35. Rxd4 Rxe4 36. Rxe4 Qa8 37. Qg2 Rf2 38. Qxf2 Qxe4+ 39. Qf3 Qe8 40. Qc3+ Kh7 41. Qxc4 Kh8 42. e4 Bg7 43. Qd5 Kh7 44. Qf5+ Kh8 45. Qh5+ Kg8 46. Qg4 1-0

[Event "GBR-ch111 Major Open"]
[Site "Liverpool"]
[Date "2025.08.05"]
[Round "4.49"]
[White "Cowan, Xavier"]
[Black "Storey, Cameron"]
[Result "1-0"]
[WhiteElo "1854"]
[BlackElo "1774"]
[PlyCount "55"]
[EventDate "2025.08.02"]
[EventType "swiss"]
[EventRounds "9"]
[EventCountry "GBR"]
[SourceTitle "BritBase"]
[Source "John Saunders"]
[SourceDate "2025.08.11"]
[SourceVersion "1"]
[SourceVersionDate "2025.08.11"]
[SourceQuality "1"]

1. d4 g6 2. c4 Bg7 3. Nc3 d6 4. Nf3 Nc6 5. e3 Nf6 6. Be2 d5 7. O-O O-O 8. b3 Re8 9. Bb2 Bf5 10. Ne5 Nxe5 11. dxe5 Ne4 12. Qxd5 Nxc3 13. Bxc3 c6 14. Qxd8 Raxd8 15. Rfd1 h5 16. f3 Be6 17. Rxd8 Rxd8 18. Kf2 a5 19. Rd1 Rxd1 20. Bxd1 b5 21. cxb5 cxb5 22. f4 Bd5 23. Bf3 e6 24. Bxd5 exd5 25. Ke2 Kf8 26. Kd3 Ke7 27. Kd4 Ke6 28. Kc5 1-0

[Event "GBR-ch111 Major Open"]
[Site "Liverpool"]
[Date "2025.08.05"]
[Round "4.50"]
[White "Mulukutla, Ayaansh"]
[Black "Pyun, Lindsay"]
[Result "1/2-1/2"]
[WhiteElo "1852"]
[BlackElo "1762"]
[PlyCount "34"]
[EventDate "2025.08.02"]
[EventType "swiss"]
[EventRounds "9"]
[EventCountry "GBR"]
[SourceTitle "BritBase"]
[Source "John Saunders"]
[SourceDate "2025.08.11"]
[SourceVersion "1"]
[SourceVersionDate "2025.08.11"]
[SourceQuality "1"]

1. e4 e5 2. Nf3 Nc6 3. Bc4 Bc5 4. c3 Nf6 5. d4 exd4 6. e5 d5 7. Bb5 Ne4 8. cxd4 Bb6 9. Qc2 Bd7 10. Bxc6 bxc6 11. Be3 O-O 12. Nc3 Ba5 13. O-O Bxc3 14. bxc3 Qe7 15. c4 Rfc8 16. c5 Rcb8 17. Rfb1 Qd8 1/2-1/2

[Event "GBR-ch111 Major Open"]
[Site "Liverpool"]
[Date "2025.08.05"]
[Round "4.51"]
[White "Sedykh, Stakhey"]
[Black "Gunatilake, Vinuda"]
[Result "1/2-1/2"]
[WhiteElo "1756"]
[BlackElo "1851"]
[PlyCount "52"]
[EventDate "2025.08.02"]
[EventType "swiss"]
[EventRounds "9"]
[EventCountry "GBR"]
[SourceTitle "BritBase"]
[Source "John Saunders"]
[SourceDate "2025.08.11"]
[SourceVersion "1"]
[SourceVersionDate "2025.08.11"]
[SourceQuality "1"]

1. d4 d5 2. c4 e6 3. Nc3 Nf6 4. cxd5 exd5 5. Bg5 Nbd7 6. e3 Be7 7. Bd3 c6 8. h3 O-O 9. Nf3 Ne8 10. Bf4 h6 11. Qc2 Bd6 12. Bxd6 Nxd6 13. O-O-O f5 14. Nh2 Nf6 15. f3 b6 16. g4 fxg4 17. hxg4 Re8 18. g5 hxg5 19. e4 Nf7 20. e5 Nh5 21. Ng4 Bxg4 22. fxg4 Nf4 23. Bg6 Re6 24. Bxf7+ Kxf7 25. Qf5+ Kg8 26. Qh7+ Kf7 1/2-1/2

[Event "GBR-ch111 Major Open"]
[Site "Liverpool"]
[Date "2025.08.05"]
[Round "4.53"]
[White "Nus, Jonah Bram Erik"]
[Black "Gorskovs, Andrejs"]
[Result "1-0"]
[WhiteElo "1724"]
[BlackElo "1844"]
[PlyCount "117"]
[EventDate "2025.08.02"]
[EventType "swiss"]
[EventRounds "9"]
[EventCountry "GBR"]
[SourceTitle "BritBase"]
[Source "John Saunders"]
[SourceDate "2025.08.11"]
[SourceVersion "1"]
[SourceVersionDate "2025.08.11"]
[SourceQuality "1"]

1. e4 e5 2. Nf3 Nc6 3. Bb5 a6 4. Ba4 Nf6 5. O-O Be7 6. Re1 b5 7. Bb3 d6 8. c3 O-O 9. h3 Bb7 10. d4 Re8 11. a3 Bf8 12. Nbd2 h6 13. Bc2 Nb8 14. c4 Nbd7 15. b4 exd4 16. Nxd4 bxc4 17. Nxc4 Bxe4 18. Ba4 Nd5 19. Bb2 c5 20. bxc5 dxc5 21. Ne2 Re6 22. Bxd7 Qxd7 23. Nf4 Rae8 24. Nxe6 Rxe6 25. Ne5 Rxe5 26. Bxe5 Qf5 27. Qg4 Qxg4 28. hxg4 Bd3 29. Bb2 c4 30. Bd4 Nf4 31. Ra2 Ne6 32. Bc3 Bd6 33. g3 Ng5 34. Re8+ Kh7 35. Rd8 Ne4 36. Bb4 Be5 37. Kg2 Bf6 38. Rd7 Bb1 39. Re2 c3 40. Rxf7 Bd3 41. Re3 c2 42. Re1 Bb2 43. Rc7 a5 44. Bxa5 Bxa3 45. f3 Nc5 46. Bd2 Nb3 47. Bc3 Bf8 48. Bb2 Nc5 49. Re8 Na4 50. Bc1 Bb4 51. Kf2 Bc5+ 52. Kg2 Bb4 53. f4 Bc3 54. Re3 Bb2 55. Rxd3 Bxc1 56. Rxc2 Bb2 57. Kf3 Bf6 58. Rb3 Kg6 59. Ke4 1-0

[Event "GBR-ch111 Major Open"]
[Site "Liverpool"]
[Date "2025.08.05"]
[Round "4.54"]
[White "Swiatkowski, Dominik"]
[Black "Banerjee, Sanjoy K"]
[Result "1-0"]
[WhiteElo "1843"]
[BlackElo "1729"]
[PlyCount "37"]
[EventDate "2025.08.02"]
[EventType "swiss"]
[EventRounds "9"]
[EventCountry "GBR"]
[SourceTitle "BritBase"]
[Source "John Saunders"]
[SourceDate "2025.08.11"]
[SourceVersion "1"]
[SourceVersionDate "2025.08.11"]
[SourceQuality "1"]

1. e4 c5 2. Nf3 d6 3. Bb5+ Nd7 4. Ba4 Ngf6 5. O-O e6 6. d3 Be7 7. c4 O-O 8. Nc3 a6 9. Qe2 Qc7 10. Nd2 Re8 11. f4 e5 12. f5 Rd8 13. g4 Bf8 14. g5 Ne8 15. Nd5 Qa5 16. Bc2 b5 17. Nb3 Qa4 18. Nxc5 Qa5 19. b4 1-0

[Event "GBR-ch111 Major Open"]
[Site "Liverpool"]
[Date "2025.08.05"]
[Round "4.55"]
[White "Sheikh, Anum"]
[Black "Korsinskij, Nikolas"]
[Result "0-1"]
[WhiteElo "1842"]
[BlackElo "1674"]
[PlyCount "78"]
[EventDate "2025.08.02"]
[EventType "swiss"]
[EventRounds "9"]
[EventCountry "GBR"]
[SourceTitle "BritBase"]
[Source "John Saunders"]
[SourceDate "2025.08.11"]
[SourceVersion "1"]
[SourceVersionDate "2025.08.11"]
[SourceQuality "1"]

1. e4 c5 2. Nf3 e6 3. d4 cxd4 4. Nxd4 a6 5. Nc3 Qc7 6. Be2 Nf6 7. a3 b5 8. Bf3 Bb7 9. Qe2 d6 10. O-O Nbd7 11. g3 g6 12. Bg2 Bg7 13. Nb3 O-O 14. f4 Nb6 15. Na5 d5 16. Nxb7 Qxb7 17. exd5 Nfxd5 18. Nxd5 Nxd5 19. c3 Qb6+ 20. Kh1 Rad8 21. Bd2 Rd7 22. Rf3 Rfd8 23. Be1 Bf8 24. b4 Bg7 25. Rc1 Rc8 26. Rd3 Rc4 27. Bf2 Qc7 28. Bxd5 Rxd5 29. Rxd5 Qc6 30. Rcd1 exd5 31. Bc5 Rxc3 32. Qe7 d4+ 33. Kg1 Re3 34. Qd8+ Re8 35. Rxd4 Bxd4+ 36. Qxd4 Qf3 37. Be7 Qe2 38. Bc5 Qe1+ 39. Kg2 Qe4+ 0-1

[Event "GBR-ch111 Major Open"]
[Site "Liverpool"]
[Date "2025.08.05"]
[Round "4.56"]
[White "Munshi, Aryan"]
[Black "Van Uytvange, Jonas"]
[Result "1/2-1/2"]
[WhiteElo "1841"]
[BlackElo "1566"]
[PlyCount "53"]
[EventDate "2025.08.02"]
[EventType "swiss"]
[EventRounds "9"]
[EventCountry "GBR"]
[SourceTitle "BritBase"]
[Source "John Saunders"]
[SourceDate "2025.08.11"]
[SourceVersion "1"]
[SourceVersionDate "2025.08.11"]
[SourceQuality "1"]

1. d4 d5 2. Nf3 e6 3. g3 Be7 4. Bg2 Nf6 5. O-O O-O 6. c4 c5 7. dxc5 Bxc5 8. Bg5 Be7 9. Qc2 dxc4 10. Rd1 Qc7 11. Bf4 Qb6 12. Nbd2 Nc6 13. Nxc4 Qb5 14. Bd6 Nd5 15. Bxe7 Ncxe7 16. Nd4 Qc5 17. e4 Nb6 18. Rac1 Nxc4 19. Qxc4 Qxc4 20. Rxc4 Rd8 21. Rdc1 e5 22. Nb5 Bd7 23. Nc3 Nc6 24. f4 f6 25. Kf2 Be6 26. Nd5 Rd7 27. Rc5 1/2-1/2

[Event "GBR-ch111 Major Open"]
[Site "Liverpool"]
[Date "2025.08.05"]
[Round "4.57"]
[White "Saxena, Samidh"]
[Black "Garnett, John S"]
[Result "0-1"]
[WhiteElo "1445"]
[BlackElo "1816"]
[PlyCount "142"]
[EventDate "2025.08.02"]
[EventType "swiss"]
[EventRounds "9"]
[EventCountry "GBR"]
[SourceTitle "BritBase"]
[Source "John Saunders"]
[SourceDate "2025.08.11"]
[SourceVersion "1"]
[SourceVersionDate "2025.08.11"]
[SourceQuality "1"]

1. e4 c6 2. d4 d5 3. Nc3 dxe4 4. Nxe4 Nf6 5. Nxf6+ gxf6 6. Nf3 Bg4 7. c3 Nd7 8. h3 Bh5 9. Bd3 Nb6 10. Be3 e6 11. g4 Bg6 12. Bxg6 hxg6 13. b3 Nd5 14. Bd2 Qc7 15. Qe2 O-O-O 16. O-O-O Qa5 17. Kb2 Ba3+ 18. Kc2 Bd6 19. Kb2 Bf4 20. c4 Bxd2 21. Qxd2 Qxd2+ 22. Rxd2 Nf4 23. h4 e5 24. dxe5 Rxd2+ 25. Nxd2 Nd3+ 26. Kc3 Nxf2 27. Rf1 Nxg4 28. Ne4 Nxe5 29. Rxf6 Rxh4 30. Kd4 Nf3+ 31. Ke3 Ne5 32. Kd4 Nd7 33. Rxf7 Rh2 34. Rg7 Rxa2 35. Rxg6 Rb2 36. Kc3 Rh2 37. Rg8+ Kc7 38. Rg7 Kd8 39. Nd6 b6 40. Rg8+ Kc7 41. Ne8+ Kb7 42. Nd6+ Kc7 43. Ne8+ Kd8 44. Nf6+ Ke7 45. Nxd7 Kxd7 46. Rg7+ Kd6 47. Rxa7 Rh3+ 48. Kb2 Kc5 49. Ka3 Rh1 50. Kb2 b5 51. cxb5 cxb5 52. Rc7+ Kb4 53. Rg7 Rh2+ 54. Kb1 Ka3 55. Rg3 Rb2+ 56. Kc1 Rxb3 57. Rg8 Rh3 58. Rg2 b4 59. Rg8 Rh1+ 60. Kd2 b3 61. Ra8+ Kb2 62. Rb8 Rh3 63. Rb7 Kb1 64. Ra7 b2 65. Ra8 Rh5 66. Ra7 Rd5+ 67. Ke1 Kc2 68. Rc7+ Kb3 69. Rb7+ Kc3 70. Rc7+ Kb4 71. Rb7+ Rb5 0-1

[Event "GBR-ch111 Major Open"]
[Site "Liverpool"]
[Date "2025.08.05"]
[Round "4.59"]
[White "Barton, Will"]
[Black "Mokhber-Garcia, Sebastian"]
[Result "0-1"]
[WhiteElo "1580"]
[BlackElo "1962"]
[PlyCount "56"]
[EventDate "2025.08.02"]
[EventType "swiss"]
[EventRounds "9"]
[EventCountry "GBR"]
[SourceTitle "BritBase"]
[Source "John Saunders"]
[SourceDate "2025.08.11"]
[SourceVersion "1"]
[SourceVersionDate "2025.08.11"]
[SourceQuality "1"]

1. e4 e5 2. Nf3 Nc6 3. Bb5 a6 4. Ba4 Nf6 5. O-O Be7 6. Re1 b5 7. Bb3 O-O 8. c3 d5 9. exd5 Nxd5 10. d4 exd4 11. Nxd4 Nxd4 12. Qxd4 Bb7 13. Nd2 Bf6 14. Qg4 Re8 15. Rd1 Qe7 16. Nf3 Rad8 17. Bxd5 Rxd5 18. Be3 Red8 19. Re1 h5 20. Qf4 Qd7 21. Nd4 c5 22. Ne2 Bg5 23. Qg3 h4 24. Qh3 Qxh3 25. gxh3 Bxe3 26. fxe3 Rg5+ 27. Kf1 Rd2 28. Nf4 Bg2+ 0-1

[Event "GBR-ch111 Major Open"]
[Site "Liverpool"]
[Date "2025.08.05"]
[Round "4.60"]
[White "Chantrell, Paul"]
[Black "Collins, Jonathan L"]
[Result "0-1"]
[WhiteElo "1768"]
[BlackElo "1868"]
[PlyCount "84"]
[EventDate "2025.08.02"]
[EventType "swiss"]
[EventRounds "9"]
[EventCountry "GBR"]
[SourceTitle "BritBase"]
[Source "John Saunders"]
[SourceDate "2025.08.11"]
[SourceVersion "1"]
[SourceVersionDate "2025.08.11"]
[SourceQuality "1"]

1. e4 Nc6 2. Nf3 e5 3. d4 exd4 4. Bc4 Nf6 5. O-O d6 6. Nxd4 Be7 7. Nc3 O-O 8. a3 Re8 9. Re1 h6 10. h3 Rb8 11. Nd5 Nxd5 12. Nxc6 bxc6 13. exd5 c5 14. Qe2 Bd7 15. Qd1 Bf6 16. Ra2 Bd4 17. Rxe8+ Qxe8 18. c3 Bf6 19. Qe2 Qxe2 20. Bxe2 Ba4 21. Bc4 Bxc3 22. Kf1 Bd4 23. Ke2 Bb3 24. Bxb3 Rxb3 25. f3 f5 26. f4 Kf7 27. a4 Kf6 28. Ra3 Rxa3 29. bxa3 g5 30. Kd3 a6 31. g4 Bf2 32. Bd2 Bg3 33. fxg5+ hxg5 34. Bc3+ Be5 35. Ba5 Bf4 36. gxf5 Kxf5 37. Bxc7 Ke5 38. Kc4 Ke4 39. Bd8 Kf3 40. h4 g4 41. Bg5 g3 42. Bxf4 Kxf4 0-1

[Event "GBR-ch111 Major Open"]
[Site "Liverpool"]
[Date "2025.08.05"]
[Round "4.61"]
[White "Taylor, Matthew"]
[Black "Coe, Laurence"]
[Result "1-0"]
[WhiteElo "1762"]
[BlackElo "1833"]
[PlyCount "57"]
[EventDate "2025.08.02"]
[EventType "swiss"]
[EventRounds "9"]
[EventCountry "GBR"]
[SourceTitle "BritBase"]
[Source "John Saunders"]
[SourceDate "2025.08.11"]
[SourceVersion "1"]
[SourceVersionDate "2025.08.11"]
[SourceQuality "1"]

1. c4 Nf6 2. Nc3 e6 3. e4 d5 4. e5 d4 5. exf6 dxc3 6. bxc3 Qxf6 7. d4 c5 8. Nf3 h6 9. Bd3 cxd4 10. cxd4 Bb4+ 11. Bd2 Bxd2+ 12. Qxd2 Nc6 13. O-O Nxd4 14. Nxd4 Qxd4 15. Rfd1 Bd7 16. Qa5 Bc6 17. Bf1 Qf4 18. Qc5 Qc7 19. Rd3 Qe7 20. Qe5 O-O 21. Rg3 f6 22. Qe3 Kh8 23. Bd3 a6 24. Re1 Qb4 25. Rg6 f5 26. Qe5 Rf6 27. Rxf6 Be4 28. Rxh6+ Kg8 29. Qxe6+ 1-0

[Event "GBR-ch111 Major Open"]
[Site "Liverpool"]
[Date "2025.08.05"]
[Round "4.62"]
[White "Buffard, Julien"]
[Black "Hanlon, Shay"]
[Result "1/2-1/2"]
[WhiteElo "1732"]
[BlackElo "1809"]
[PlyCount "56"]
[EventDate "2025.08.02"]
[EventType "swiss"]
[EventRounds "9"]
[EventCountry "GBR"]
[SourceTitle "BritBase"]
[Source "John Saunders"]
[SourceDate "2025.08.11"]
[SourceVersion "1"]
[SourceVersionDate "2025.08.11"]
[SourceQuality "1"]

1. e4 c6 2. d4 d5 3. f3 e5 4. dxe5 Bc5 5. Nc3 Ne7 6. f4 Qb6 7. Na4 Qa5+ 8. c3 Bxg1 9. Rxg1 O-O 10. b4 Qc7 11. Bd3 dxe4 12. Bxe4 f6 13. Qd6 Na6 14. Qxc7 Nxc7 15. c4 fxe5 16. fxe5 Be6 17. Bd3 Rad8 18. Nc5 Bf7 19. Ke2 Bh5+ 20. g4 Bg6 21. Bxg6 Nxg6 22. Nxb7 Rb8 23. Na5 Nxe5 24. Bd2 Rbd8 25. Raf1 Rfe8 26. Kd1 Rd4 27. Kc2 Nxg4 28. Rf4 Red8 1/2-1/2

[Event "GBR-ch111 Major Open"]
[Site "Liverpool"]
[Date "2025.08.05"]
[Round "4.63"]
[White "Shah, Samuel"]
[Black "Parikh, Naavya"]
[Result "0-1"]
[WhiteElo "1693"]
[BlackElo "1800"]
[PlyCount "60"]
[EventDate "2025.08.02"]
[EventType "swiss"]
[EventRounds "9"]
[EventCountry "GBR"]
[SourceTitle "BritBase"]
[Source "John Saunders"]
[SourceDate "2025.08.11"]
[SourceVersion "1"]
[SourceVersionDate "2025.08.11"]
[SourceQuality "1"]

1. e4 e5 2. Nf3 d6 3. d4 exd4 4. Nxd4 Nf6 5. Nc3 Be6 6. Nxe6 fxe6 7. Bc4 Qd7 8. O-O Nc6 9. f4 Na5 10. Be2 O-O-O 11. Be3 Kb8 12. Bf3 d5 13. exd5 Nxd5 14. Nxd5 exd5 15. c3 Nc4 16. Bc1 Bc5+ 17. Kh1 Be3 18. b3 Bxc1 19. bxc4 Bxf4 20. cxd5 Qd6 21. g3 Be5 22. Qb3 b6 23. Kg2 Qc5 24. Rac1 h5 25. Rfe1 Bd6 26. Re4 Rhf8 27. Rce1 Rxf3 28. Kxf3 Rf8+ 29. Kg2 Qf2+ 30. Kh1 Qf3+ 0-1

[Event "GBR-ch111 Major Open"]
[Site "Liverpool"]
[Date "2025.08.05"]
[Round "4.64"]
[White "Eldridge, Albert"]
[Black "Ursu, Alexander"]
[Result "0-1"]
[WhiteElo "1792"]
[BlackElo "1636"]
[PlyCount "92"]
[EventDate "2025.08.02"]
[EventType "swiss"]
[EventRounds "9"]
[EventCountry "GBR"]
[SourceTitle "BritBase"]
[Source "John Saunders"]
[SourceDate "2025.08.11"]
[SourceVersion "1"]
[SourceVersionDate "2025.08.11"]
[SourceQuality "1"]

1. d4 Nf6 2. c4 g6 3. Nf3 Bg7 4. g3 O-O 5. Bg2 d6 6. O-O Nc6 7. Nc3 a6 8. b3 Rb8 9. Bb2 b5 10. cxb5 axb5 11. Re1 Bd7 12. e4 Re8 13. Qd2 Bh8 14. h3 e5 15. d5 Ne7 16. b4 Qc8 17. Kh2 h5 18. Nh4 Nh7 19. f4 exf4 20. gxf4 g5 21. Ne2 gxh4 22. f5 Bxb2 23. Qxb2 Bxf5 24. exf5 Qxf5 25. Rg1 Ng6 26. Nd4 Qf4+ 27. Kh1 Re3 28. Raf1 Qg5 29. Rf5 Qh6 30. Qf2 Rf8 31. Bf3 Re5 32. Bxh5 Rxf5 33. Qxf5 Kh8 34. Qf3 Ne5 35. Qg2 Nf6 36. Bd1 Rg8 37. Qf2 Rxg1+ 38. Kxg1 Qg5+ 39. Kh1 Ne4 40. Qg2 Ng3+ 41. Kh2 Qf4 42. Nxb5 Ne2+ 43. Kh1 Ng3+ 44. Kg1 Qc1 45. Qc2 Qe3+ 46. Kh2 Qe1 0-1

[Event "GBR-ch111 Major Open"]
[Site "Liverpool"]
[Date "2025.08.05"]
[Round "4.65"]
[White "Blin, Henri"]
[Black "Ding, Yicheng"]
[Result "0-1"]
[WhiteElo "1704"]
[BlackElo "1793"]
[PlyCount "106"]
[EventDate "2025.08.02"]
[EventType "swiss"]
[EventRounds "9"]
[EventCountry "GBR"]
[SourceTitle "BritBase"]
[Source "John Saunders"]
[SourceDate "2025.08.11"]
[SourceVersion "1"]
[SourceVersionDate "2025.08.11"]
[SourceQuality "1"]

1. e4 c5 2. Nc3 Nc6 3. f4 g6 4. Nf3 Bg7 5. Bb5 Nd4 6. O-O a6 7. Be2 e6 8. e5 d5 9. b3 Ne7 10. Na4 Qc7 11. Bb2 b5 12. Nc3 Nec6 13. a4 b4 14. Na2 Nxe2+ 15. Qxe2 O-O 16. Nc1 a5 17. Nd3 c4 18. Nf2 Ba6 19. d3 Ne7 20. Rad1 Rfc8 21. Bd4 Nf5 22. Rfe1 Bf8 23. Be3 Nxe3 24. Qxe3 cxb3 25. cxb3 d4 26. Qd2 Qc3 27. Rb1 Qxd2 28. Nxd2 Rc3 29. Nc4 Bxc4 30. dxc4 Rd8 31. Ne4 d3 32. Kf2 Rc2+ 33. Kf3 Rc3 34. Kf2 Bh6 35. g3 Rc2+ 36. Ke3 Rxh2 37. Nd6 Bf8 38. Rbd1 Bxd6 39. exd6 Rxd6 40. Rd2 Rh3 41. Kf3 Kf8 42. Red1 Ke7 43. Rxd3 Rxd3+ 44. Rxd3 Rh5 45. Ke4 Rc5 46. Rd1 h5 47. Kd4 Kd6 48. Ke4+ Kc7 49. Kd4 Kc6 50. Ke4 Kc7 51. Kd4 Kc6 52. Re1 h4 53. Re5 Rxe5 0-1

[Event "GBR-ch111 Major Open"]
[Site "Liverpool"]
[Date "2025.08.05"]
[Round "4.66"]
[White "Berkley, Stephen W"]
[Black "Pleimling, Luc"]
[Result "1/2-1/2"]
[WhiteElo "1748"]
[BlackElo "1664"]
[PlyCount "55"]
[EventDate "2025.08.02"]
[EventType "swiss"]
[EventRounds "9"]
[EventCountry "GBR"]
[SourceTitle "BritBase"]
[Source "John Saunders"]
[SourceDate "2025.08.11"]
[SourceVersion "1"]
[SourceVersionDate "2025.08.11"]
[SourceQuality "1"]

1. Nf3 Nf6 2. g3 d5 3. Bg2 e6 4. O-O Be7 5. d3 c5 6. c3 O-O 7. Nbd2 Nc6 8. e4 Qc7 9. Re1 b6 10. h4 dxe4 11. dxe4 Rd8 12. Qc2 e5 13. Bf1 a6 14. a4 Bg4 15. Bg2 Na5 16. Nb3 Nc4 17. Nbd2 Nxd2 18. Nxd2 b5 19. b3 Qd7 20. f3 Bh3 21. axb5 Bxg2 22. Kxg2 axb5 23. Rxa8 Rxa8 24. Bb2 Rd8 25. Nf1 h5 26. Re2 Ne8 27. Rd2 Qe6 28. Rxd8 1/2-1/2

[Event "GBR-ch111 Major Open"]
[Site "Liverpool"]
[Date "2025.08.05"]
[Round "4.67"]
[White "Raj Konwar, Daryan"]
[Black "Perkins, Chris"]
[Result "0-1"]
[WhiteElo "1572"]
[BlackElo "1747"]
[PlyCount "60"]
[EventDate "2025.08.02"]
[EventType "swiss"]
[EventRounds "9"]
[EventCountry "GBR"]
[SourceTitle "BritBase"]
[Source "John Saunders"]
[SourceDate "2025.08.11"]
[SourceVersion "1"]
[SourceVersionDate "2025.08.11"]
[SourceQuality "1"]

1. e4 c5 2. c3 Nf6 3. e5 Nd5 4. d4 cxd4 5. cxd4 d6 6. exd6 Qxd6 7. Nf3 Nc6 8. Be2 Bg4 9. O-O e6 10. Nc3 a6 11. Qb3 Nxc3 12. bxc3 b5 13. Re1 Be7 14. a4 b4 15. cxb4 Qxb4 16. Qc2 Nxd4 17. Qd1 Nxf3+ 18. gxf3 Bf5 19. Ba3 Qh4 20. Qc1 O-O 21. Kh1 Bxa3 22. Rxa3 Qxf2 23. Bf1 Rfc8 24. Qa1 Rc2 25. Re2 Rxe2 26. Bxe2 Qxe2 27. Kg1 Bh3 28. Ra2 Qe3+ 29. Rf2 Rc8 30. Qb1 Rc1+ 0-1

[Event "GBR-ch111 Major Open"]
[Site "Liverpool"]
[Date "2025.08.05"]
[Round "4.68"]
[White "Ding, Yihua"]
[Black "Wainwright, Charlie"]
[Result "0-1"]
[WhiteElo "1536"]
[BlackElo "1743"]
[PlyCount "101"]
[EventDate "2025.08.02"]
[EventType "swiss"]
[EventRounds "9"]
[EventCountry "GBR"]
[SourceTitle "BritBase"]
[Source "John Saunders"]
[SourceDate "2025.08.11"]
[SourceVersion "1"]
[SourceVersionDate "2025.08.11"]
[SourceQuality "1"]

1. d4 Nf6 2. c4 c5 3. Nf3 cxd4 4. Nxd4 e5 5. Nf3 h6 6. e3 Nc6 7. Be2 Bc5 8. Nc3 O-O 9. O-O d6 10. Na4 Be6 11. Nxc5 dxc5 12. b3 Ne8 13. Bb2 f6 14. Qxd8 Rxd8 15. Rfd1 Nc7 16. Nh4 Ne7 17. Rxd8 Rxd8 18. Rd1 Rxd1+ 19. Bxd1 g5 20. Nf3 Bg4 21. h3 Bxf3 22. Bxf3 b6 23. g3 Kf7 24. Bg4 Ne6 25. Bc1 f5 26. Bh5+ Kf6 27. Bb2 Nc6 28. f4 Ned8 29. g4 gxf4 30. exf4 Nd4 31. fxe5+ Kxe5 32. gxf5 Kxf5 33. Bc1 Nf7 34. Kg2 Ng5 35. h4 Nge6 36. Bxh6 Nf4+ 37. Bxf4 Kxf4 38. Kh3 Nf5 39. Bg6 Nxh4 40. Kxh4 Ke3 41. Kg5 Kd2 42. Be8 Kc2 43. Bb5 Kb2 44. a4 Kxb3 45. Kf5 Kb4 46. Ke5 Ka5 47. Kd6 a6 48. Bxa6 Kxa6 49. Kc6 Ka5 50. Kb7 Kxa4 51. Kxb6 0-1

[Event "GBR-ch111 Major Open"]
[Site "Liverpool"]
[Date "2025.08.06"]
[Round "5.1"]
[White "Kolani, Arjun"]
[Black "Ortiz Sanchez, Luis"]
[Result "1-0"]
[WhiteElo "2118"]
[BlackElo "1908"]
[PlyCount "83"]
[EventDate "2025.08.02"]
[EventType "swiss"]
[EventRounds "9"]
[EventCountry "GBR"]
[SourceTitle "BritBase"]
[Source "John Saunders"]
[SourceDate "2025.08.11"]
[SourceVersion "1"]
[SourceVersionDate "2025.08.11"]
[SourceQuality "1"]

1. e4 c5 2. Nf3 d6 3. d4 cxd4 4. Nxd4 Nf6 5. Nc3 g6 6. Be3 Bg7 7. f3 O-O 8. Qd2 Nc6 9. O-O-O d5 10. exd5 Nxd5 11. Nxc6 bxc6 12. Bd4 e5 13. Bc5 Re8 14. Ne4 Qc7 15. Bc4 Be6 16. h4 Red8 17. h5 Nf4 18. Qc3 Bxc4 19. Qxc4 Rxd1+ 20. Rxd1 Nxh5 21. Bd6 Qb7 22. a4 Rd8 23. Re1 Qd7 24. Kb1 Ng3 25. Nxg3 Qxd6 26. Ne4 Qd5 27. Qb4 f5 28. Nc3 Qe6 29. g4 h6 30. gxf5 gxf5 31. a5 e4 32. fxe4 Qe5 33. Qc4+ Kh8 34. Rf1 f4 35. Qxc6 Rb8 36. Rf3 Qxa5 37. Rxf4 Qxc3 38. Rf8+ Kh7 39. Qxc3 Rxf8 40. Qd3 Kh8 41. Qa6 Rb8 42. c3 1-0

[Event "GBR-ch111 Major Open"]
[Site "Liverpool"]
[Date "2025.08.06"]
[Round "5.2"]
[White "Cancedda-Dupuis, Livio"]
[Black "Sanada, Tetsuaki"]
[Result "1-0"]
[WhiteElo "2053"]
[BlackElo "2021"]
[PlyCount "75"]
[EventDate "2025.08.02"]
[EventType "swiss"]
[EventRounds "9"]
[EventCountry "GBR"]
[SourceTitle "BritBase"]
[Source "John Saunders"]
[SourceDate "2025.08.11"]
[SourceVersion "1"]
[SourceVersionDate "2025.08.11"]
[SourceQuality "1"]

1. e4 c5 2. Nf3 d6 3. d4 cxd4 4. Nxd4 Nf6 5. Nc3 a6 6. h3 e5 7. Nde2 h5 8. g3 Be6 9. Bg2 Nbd7 10. Be3 b5 11. O-O Nb6 12. b3 Rc8 13. a4 b4 14. a5 Nbd7 15. Na4 h4 16. g4 Nxg4 17. hxg4 Bxg4 18. f3 Be6 19. Kh2 d5 20. Nb6 Nxb6 21. axb6 d4 22. b7 Rb8 23. Nxd4 exd4 24. Qxd4 Qc7+ 25. e5 Qxb7 26. f4 Qc8 27. f5 Bd7 28. e6 fxe6 29. fxe6 Bxe6 30. Be4 Rb5 31. Rad1 Bd7 32. Bg6+ Kd8 33. Rf7 Be7 34. Rxe7 Kxe7 35. Qxg7+ Kd8 36. Qxh8+ Kc7 37. Bf4+ Kb6 38. Qd4+ 1-0

[Event "GBR-ch111 Major Open"]
[Site "Liverpool"]
[Date "2025.08.06"]
[Round "5.3"]
[White "Taylor, Adam A"]
[Black "Terler, Bohdan"]
[Result "1/2-1/2"]
[WhiteElo "2279"]
[BlackElo "1974"]
[PlyCount "63"]
[EventDate "2025.08.02"]
[EventType "swiss"]
[EventRounds "9"]
[EventCountry "GBR"]
[SourceTitle "BritBase"]
[Source "John Saunders"]
[SourceDate "2025.08.11"]
[SourceVersion "1"]
[SourceVersionDate "2025.08.11"]
[SourceQuality "1"]

1. Nf3 d5 2. b3 Nf6 3. Bb2 Bf5 4. g3 e6 5. Bg2 h6 6. O-O Be7 7. d3 O-O 8. Nbd2 a5 9. a4 c5 10. Ne5 Bh7 11. e4 Nbd7 12. exd5 Nxe5 13. Bxe5 Nxd5 14. Nc4 Bf6 15. Re1 Bxe5 16. Rxe5 Qd7 17. Qd2 Nb4 18. Qc3 Qc7 19. Rae1 Rac8 20. h4 b6 21. h5 Rfd8 22. Na3 Nc6 23. Nb5 Qd7 24. Bxc6 Rxc6 25. Qc4 Kh8 26. R5e3 f6 27. Qg4 Bg8 28. f4 Bf7 29. Qf3 Rcc8 30. Kh2 Re8 31. Nc3 Qd4 32. Nb5 1/2-1/2